Statistics for Serbia country quiz

Click here to take the quiz!

General Stats

  • This quiz has been taken 1,365 times
  • The average score is 11 of 15

Answer Stats

HintAnswer% Correct
Capital cityBelgrade
98%
Serbia was a part of which ex-countryYugoslavia
96%
Peninsula where Serbia is locatedBalkan
92%
Biggest river that flows through SerbiaDanube
89%
Tennis superstarNovak Djokovic
86%
Much disputed territoryKosovo
83%
Official currency of the stateDinar
81%
ReligionOrthodox Christianity
81%
Famous inventorNikola Tesla
79%
National drinkRakija
79%
Europe official best music festival (held in Novi Sad)EXIT
62%
Serbian ethnic groupSlavic
54%
inFamous dictatorSlobodan Milosevic
49%
NBA All-star centerVlade Divac
45%
National sport (world-wide spread)Basketball
12%

Score Distribution

Percentile by Number Answered

Percent of People with Each Score

Your Score History

You have not taken this quiz